[Event "SRI-chT"]
[Site "Colombo"]
[Date "2023.08.01"]
[Round "9.5"]
[White "Wiratunga, Jenith"]
[Black "Perera, HA Lisanda Vinsith"]
[Result "1-0"]
[WhiteElo "1722"]
[BlackElo "1364"]
[PlyCount "53"]
[EventDate "2023.07.28"]
[EventType "team-tourn"]
[EventRounds "9"]
[EventCountry "SRI"]
[SourceTitle "CBM 215 Extra"]
[Source "ChessBase"]
[SourceDate "2023.09.30"]
[SourceVersion "1"]
[SourceVersionDate "2023.09.30"]
[SourceQuality "1"]
[WhiteTeam "Kandy YMCA"]
[BlackTeam "Maroons CC"]
[WhiteTeamCountry "SRI"]
[BlackTeamCountry "SRI"]

1. d4 Nf6 2. Nc3 d5 3. Bf4 c6 4. e3 Bf5 5. f3 h5 6. Bd3 Bxd3 7. Qxd3 e6 8. Nge2 Na6 9. a3 Rc8 10. 0-0 c5 11. Bg5 Be7 12. Kh1 c4 13. Qd2 h4 14. Nf4 Nh5 15. Bxe7 Qxe7 16. Nxh5 Rxh5 17. e4 dxe4 18. fxe4 Rd8 19. Qe2 Qg5 20. Rad1 h3 21. g3 b5 22. d5 Nc5 23. Nxb5 g6 24. Qf2 Qe7 25. Rfe1 Qb7 26. Qxc5 Rc8 27. Nd6+ 1-0

[Event "SRI-chB"]
[Site "Colombo"]
[Date "2023.03.06"]
[Round "6"]
[White "Wiratunga, Jenith"]
[Black "Sivathanujan, S."]
[Result "1-0"]
[WhiteElo "1676"]
[BlackElo "1834"]
[PlyCount "65"]
[EventDate "2023.03.04"]
[EventType "swiss"]
[EventRounds "11"]
[EventCountry "SRI"]
[SourceTitle "CBM 213 Extra"]
[Source "ChessBase"]
[SourceDate "2023.05.31"]
[SourceVersion "1"]
[SourceVersionDate "2023.05.31"]
[SourceQuality "1"]

1. d4 d5 2. Bf4 c5 3. e3 cxd4 4. exd4 Nc6 5. Nf3 Bg4 6. c3 f6 7. Be2 g5 8. Bg3 h5 9. h3 Bf5 10. Qb3 Qd7 11. Na3 e6 12. Nc2 a6 13. Ne3 Be4 14. Nd2 Bg6 15. Nf3 Rc8 16. 0-0 Nh6 17. Qd1 Bd6 18. Bxd6 Qxd6 19. c4 g4 20. Nh4 Be4 21. f3 Qf4 22. Qd2 gxf3 23. Nxf3 Ng4 24. Nxg4 Qxd2 25. Nxf6+ Ke7 26. Nxd2 Nxd4 27. Nfxe4 dxe4 28. Rae1 Nc2 29. Rc1 Nd4 30. Rfe1 b5 31. Nxe4 Nxe2+ 32. Rxe2 bxc4 33. Nd2 1-0

[Event "Colombo Golden Jubilee op"]
[Site "Colombo"]
[Date "2022.11.24"]
[Round "3"]
[White "Jayaweera, Hashan"]
[Black "Wiratunga, Jenith"]
[Result "0-1"]
[WhiteElo "1404"]
[BlackElo "1849"]
[PlyCount "90"]
[EventDate "2022.11.23"]
[EventType "swiss"]
[EventRounds "9"]
[EventCountry "SRI"]
[SourceTitle "CBM 211 Extra"]
[Source "ChessBase"]
[SourceDate "2023.01.31"]
[SourceVersion "1"]
[SourceVersionDate "2023.01.31"]
[SourceQuality "1"]

1. d4 Nf6 2. Nf3 d5 3. g3 e6 4. Bg2 b5 5. a4 b4 6. c4 bxc3 7. Nxc3 Be7 8. 0-0 0-0 9. Qc2 a5 10. e4 c6 11. Rd1 Na6 12. Bf4 Nb4 13. Qd2 Nxe4 14. Nxe4 dxe4 15. Ne5 f6 16. Nc4 Ba6 17. Qc3 Nd5 18. Qc2 Nxf4 19. gxf4 Bxc4 20. Qxc4 Qd5 21. Rac1 Rfc8 22. Qe2 f5 23. f3 exf3 24. Bxf3 Qd6 25. Bg2 Bf6 26. Qe3 Rab8 27. b3 Rb4 28. d5 c5 29. Kh1 e5 30. fxe5 Bxe5 31. Qd3 g6 32. Re1 Bxh2 33. Re6 Qf4 34. Rf1 Qh4 35. Bh3 Bg3 36. Kg2 Bb8 37. d6 Rd4 38. Qa6 Rd2+ 39. Re2 Qe4+ 40. Kg1 Qxe2 41. Qxc8+ Kg7 42. Qb7+ Kh6 43. Bg2 Bxd6 44. Qa8 Qe3+ 45. Kh1 Qe5 0-1

[Event "World ol U16"]
[Site "Nakhchivan"]
[Date "2022.10.02"]
[Round "1.2"]
[White "Wiratunga, Jenith"]
[Black "Madaminov, Mukhiddin"]
[Result "0-1"]
[WhiteElo "1741"]
[BlackElo "2425"]
[PlyCount "61"]
[EventDate "2022.10.02"]
[EventType "team-swiss"]
[EventRounds "9"]
[EventCountry "AZE"]
[SourceTitle "CBM 210 Extra"]
[Source "ChessBase"]
[SourceDate "2022.11.30"]
[SourceVersion "1"]
[SourceVersionDate "2022.11.30"]
[SourceQuality "1"]
[WhiteTeam "Sri Lanka"]
[BlackTeam "Uzbekistan"]
[WhiteTeamCountry "SRI"]
[BlackTeamCountry "UZB"]

1. d4 Nf6 2. c4 e6 3. g3 d5 4. Bg2 dxc4 5. Nf3 a6 6. 0-0 Nc6 7. b3 cxb3 8. axb3 Be7 9. Bb2 0-0 10. Nbd2 Bd7 11. Nc4 Rb8 12. Qb1 Nb4 13. Nce5 Bb5 14. Re1 h6 15. h4 Nc6 16. Nc4 Bb4 17. Rd1 Qe7 18. Qc2 Rfd8 19. Na3 Na7 20. Nxb5 Nxb5 21. Ne5 c5 22. dxc5 Bxc5 23. e3 Ba3 24. Nc4 Bxb2 25. Qxb2 Nd5 26. Bxd5 exd5 27. Nb6 d4 28. exd4 Qf6 29. Nc4 Nxd4 30. Qa3 Nc2 31. Qa5 0-1

[Event "SRI-chB"]
[Site "Mount Lavinia"]
[Date "2022.03.18"]
[Round "5"]
[White "Amarasinghe, AACB"]
[Black "Wiratunga, Jenith"]
[Result "0-1"]
[WhiteElo "1844"]
[BlackElo "1555"]
[PlyCount "90"]
[EventDate "2022.03.16"]
[EventType "swiss"]
[EventRounds "10"]
[EventCountry "SRI"]
[SourceTitle "EXT 2023"]
[Source "ChessBase"]
[SourceDate "2022.10.05"]
[SourceVersion "1"]
[SourceVersionDate "2022.10.05"]
[SourceQuality "1"]

1. e4 c6 2. d4 d5 3. exd5 cxd5 4. c4 Nf6 5. Nc3 Nc6 6. cxd5 Nxd5 7. Nf3 Bf5 8. Bb5 a6 9. Bxc6+ bxc6 10. Qa4 Qd6 11. 0-0 Nxc3 12. bxc3 f6 13. Ba3 Qd7 14. Rfe1 e6 15. Nh4 Bg6 16. f4 Bxa3 17. Qxa3 Kf7 18. Re3 Rhe8 19. Rae1 Qd5 20. Qb2 Rab8 21. Qe2 a5 22. g4 Bb1 23. f5 Bxa2 24. g5 fxg5 25. fxe6+ Kg8 26. Re5 Rxe6 27. Rxe6 Qxe6 28. Qxe6+ Bxe6 29. Rxe6 gxh4 30. Rxc6 Ra8 31. d5 Kf8 32. d6 Ke8 33. c4 a4 34. Rc7 a3 35. Rxg7 Ra6 36. Re7+ Kd8 37. Re1 Rxd6 38. Re2 Ra6 39. Ra2 Kd7 40. Kf2 Kc6 41. Ke3 Kc5 42. Kd3 Kb4 43. c5 Kb3 44. Ra1 Kb2 45. Rf1 a2 0-1

[Event "Nugegoda Sri Lanka GP 7th"]
[Site "Nugegoda"]
[Date "2020.07.19"]
[Round "11"]
[White "Weerawardane, Romesh"]
[Black "Wiratunga, Jenith"]
[Result "1-0"]
[WhiteElo "2032"]
[BlackElo "1584"]
[PlyCount "73"]
[EventDate "2020.07.11"]
[EventType "tourn"]
[EventRounds "11"]
[EventCountry "SRI"]
[SourceTitle "EXT 2021"]
[Source "ChessBase"]
[SourceDate "2020.10.23"]
[SourceVersion "1"]
[SourceVersionDate "2020.10.23"]
[SourceQuality "1"]

1. d4 Nf6 2. c4 e6 3. Nf3 Bb4+ 4. Nbd2 d6 5. Qc2 Nbd7 6. a3 Bxd2+ 7. Bxd2 b6 8. e3 Bb7 9. b4 Qe7 10. Be2 0-0 11. 0-0 Rac8 12. c5 Be4 13. Qc1 c6 14. cxd6 Qxd6 15. Bc3 h6 16. Nd2 Bh7 17. Rd1 Qe7 18. Nc4 Rfd8 19. f3 Nd5 20. e4 Nxc3 21. Qxc3 Nf6 22. Ne5 Qe8 23. Rac1 Rd6 24. Bb5 Kh8 25. Bxc6 Qe7 26. b5 Nd7 27. Nc4 Rdxc6 28. bxc6 Rxc6 29. Qb4 Qxb4 30. axb4 f5 31. e5 f4 32. Nd6 Bc2 33. Rd2 Ba4 34. Rxc6 Bxc6 35. Rc2 Bd5 36. Rc8+ Kh7 37. Rd8 1-0

[Event "Nugegoda Sri Lanka GP 7th"]
[Site "Nugegoda"]
[Date "2020.07.11"]
[Round "1"]
[White "Wiratunga, Jenith"]
[Black "Doluweera, Minul Sanjula"]
[Result "0-1"]
[WhiteElo "1584"]
[BlackElo "2172"]
[PlyCount "60"]
[EventDate "2020.07.11"]
[EventType "tourn"]
[EventRounds "11"]
[EventCountry "SRI"]
[SourceTitle "EXT 2021"]
[Source "ChessBase"]
[SourceDate "2020.10.23"]
[SourceVersion "1"]
[SourceVersionDate "2020.10.23"]
[SourceQuality "1"]

1. d4 Nf6 2. Nf3 g6 3. c4 c5 4. g3 cxd4 5. Nxd4 Bg7 6. Bg2 0-0 7. 0-0 Nc6 8. Nc3 Nxd4 9. Qxd4 d6 10. Rd1 Ng4 11. Qd2 Qb6 12. e3 Be6 13. b3 Ne5 14. Bb2 Bxc4 15. Na4 Qa6 16. f4 Be2 17. fxe5 Bxd1 18. Rxd1 Rad8 19. Qb4 dxe5 20. Rd2 b5 21. Bf1 Qf6 22. Nc5 Bh6 23. Rd3 Rxd3 24. Nxd3 Bxe3+ 25. Kg2 Rc8 26. Be2 Rc2 27. Qg4 Qc6+ 28. Kh3 f5 29. Qf3 Qxf3 30. Bxf3 e4 0-1